| 000 | 00709nam a2200229 a 4500 | ||
|---|---|---|---|
| 005 | 20140310183621.0 | ||
| 008 | 130326s19uu xx 00 eng d | ||
| 020 | _a9781847870940 | ||
| 050 |
_aHD 30.4 _b.G55 2010 |
||
| 100 | _aGill, John | ||
| 245 |
_aResearch methods for managers / _cJohn Gill, Phil Johnson, with Murray Clark. |
||
| 250 | _a4th ed. | ||
| 260 |
_aLondon : SAGE : _bSAGE, _c2010. |
||
| 300 |
_a270 p. : _bill. (some) col. ; _c24 cm. |
||
| 500 | _aPrevious ed.: 2002. Includes bibliographical references and index | ||
| 521 | _aBSBA | ||
| 650 |
_aIndustrial management _xResearch |
||
| 700 | _aJohnson, Phil | ||
| 700 | _aClark, Murray | ||
| 942 |
_cBK _2lcc _kFOR |
||
| 999 |
_c25400 _d25400 |
||